Statistics for Countries by Lowest Net Migration Rate

Click here to take the quiz!

General Stats

  • This quiz has been taken 18 times
  • The average score is 4 of 10

Answer Stats

RateCountry% Correct
-24.1Syria
100%
-22.3Venezuela
56%
-15.9South Sudan
44%
-11.6Eritrea
39%
-11.6Lithuania
33%
-8.2Zimbabwe
33%
-8.6Central African Republic
28%
-7.7Guyana
22%
-14.3Samoa
22%
-8São Tomé and Príncipe
11%

Score Distribution

Percentile by Number Answered

Percent of People with Each Score

Your Score History

You have not taken this quiz